000 00578nam a2200193 a 4500
003 SISC
005 20170126143651.0
008 121115s19uu xx 00 eng d
020 _a9781441195906
050 _aHE 8689.9
_b.T256 2016
100 _aTeddern, Sue.
245 _aWriting for TV and radio :
_ca writers' and artists' companion /
_bSue Teddern and Nick Warburton.
250 _a1st edition.
260 _aNew Delhi, India :
_bRandom Pub,
_c2012.
300 _aviii, 288 pages ;
_c20 cm.
500 _aIncludes index.
942 _cBK
_2lcc
_kFOR
999 _c291507
_d291507